[Event "Oceania-ch U20"]
[Site "Auckland"]
[Date "2019.01.08"]
[Round "1"]
[White "Ong, Calvin"]
[Black "Slater Jones, Tom"]
[Result "0-1"]
[WhiteElo "1477"]
[BlackElo "2017"]
[PlyCount "122"]
[EventDate "2019.01.08"]
[EventType "swiss"]
[EventRounds "9"]
[EventCountry "NZL"]
[SourceTitle "EXT 2020"]
[Source "ChessBase"]
[SourceDate "2019.10.17"]
[SourceVersion "1"]
[SourceVersionDate "2019.10.17"]
[SourceQuality "1"]

1. d4 d5 2. Nf3 Nf6 3. Nc3 Bf5 4. Bg5 Nbd7 5. e3 e6 6. Ne5 Be7 7. Bd3 Bxd3 8. Nxd3 0-0 9. 0-0 h6 10. Bh4 b6 11. f3 c5 12. b3 Qc7 13. f4 c4 14. Ne5 Bb4 15. Ne2 Ne4 16. Be1 Be7 17. Ng3 Nxg3 18. Bxg3 Bd6 19. Qe2 b5 20. e4 Nf6 21. exd5 exd5 22. a4 a6 23. axb5 axb5 24. bxc4 bxc4 25. c3 Ne4 26. Qf3 Rfe8 27. Rxa8 Rxa8 28. Ng4 Ra3 29. Rc1 Qb7 30. Nf2 Qb2 31. Qe3 Ra1 32. Rd1 Nxc3 33. Re1 Ne2+ 34. Kf1 Rxe1+ 35. Kxe1 Nxd4 36. Nd1 Nc2+ 37. Kd2 Nxe3+ 38. Nxb2 Nxg2 39. Kc3 Bxf4 40. Kd4 Bxg3 41. hxg3 c3 42. Kxc3 Ne3 43. Kd4 Nf5+ 44. Kxd5 Nxg3 45. Kd4 g5 46. Ke3 Kg7 47. Kf3 Nf5 48. Kg4 Kg6 49. Nd3 h5+ 50. Kf3 f6 51. Kg2 h4 52. Nf2 Nd4 53. Kh3 f5 54. Nd3 Kh5 55. Ne5 g4+ 56. Nxg4 fxg4+ 57. Kh2 Kg5 58. Kg2 Kf4 59. Kh2 Kf3 60. Kh1 g3 61. Kg1 Ne2+ 0-1

[Event "Doeberl Cup 56th"]
[Site "Canberra"]
[Date "2018.04.02"]
[Round "9"]
[White "Slater Jones, Tom"]
[Black "Gong, Noah"]
[Result "1-0"]
[WhiteElo "2032"]
[BlackElo "1955"]
[PlyCount "111"]
[EventDate "2018.03.29"]
[EventType "swiss"]
[EventRounds "9"]
[EventCountry "AUS"]
[SourceTitle "EXT 2023"]
[Source "ChessBase"]
[SourceDate "2022.10.05"]
[SourceVersion "1"]
[SourceVersionDate "2022.10.05"]
[SourceQuality "1"]

1. d4 Nf6 2. c4 e6 3. Nf3 Bb4+ 4. Bd2 Qe7 5. Qc2 Bxd2+ 6. Nbxd2 d6 7. h3 e5 8. g4 h6 9. dxe5 dxe5 10. Nh4 Nc6 11. Bg2 Nd4 12. Qc3 g5 13. Nhf3 c5 14. e3 Rb8 15. Kf1 Nc6 16. Ng1 Bd7 17. Ne2 h5 18. gxh5 g4 19. hxg4 Nxg4 20. Ng3 f6 21. Be4 Nh6 22. Bg6+ Kd8 23. Rd1 Kc7 24. f3 f5 25. Nb3 Rbf8 26. Qd2 b6 27. f4 Rd8 28. Qe2 Rhf8 29. Na1 Na5 30. b3 Rf6 31. Nc2 Nb7 32. Rg1 Nd6 33. Rd5 exf4 34. exf4 Re6 35. Re5 Rxe5 36. Qxe5 Qh4 37. Ne3 Ng4 38. Qxd6+ Kxd6 39. Nexf5+ Kc7 40. Nxh4 Bc6 41. Ke2 Rd7 42. Nf3 Re7+ 43. Ne5 Nxe5 44. fxe5 Rxe5+ 45. Kd3 b5 46. Ne4 bxc4+ 47. bxc4 Bxe4+ 48. Bxe4 Rxh5 49. Rg7+ Kd6 50. Rxa7 Rh3+ 51. Kc2 Rh2+ 52. Kc3 Rh3+ 53. Bd3 Kc6 54. Ra6+ Kb7 55. Re6 Rg3 56. a4 1-0

[Event "Wch U18"]
[Site "Montevideo"]
[Date "2017.09.20"]
[Round "5"]
[White "Allasia, Jesus"]
[Black "Slater Jones, Tom"]
[Result "0-1"]
[WhiteElo "1735"]
[BlackElo "1982"]
[PlyCount "60"]
[EventDate "2017.09.17"]
[EventType "swiss"]
[EventRounds "11"]
[EventCountry "URU"]
[SourceTitle "CBM 180 Extra"]
[Source "ChessBase"]
[SourceDate "2017.10.06"]
[SourceVersion "1"]
[SourceVersionDate "2017.10.06"]
[SourceQuality "1"]

1. d4 d5 2. Nf3 Nf6 3. Bf4 c5 4. e3 Nc6 5. c3 Qb6 6. Na3 c4 7. b3 Qa5 8. Nb1 Ne4 9. b4 Nxb4 10. cxb4 Qxb4+ 11. Nbd2 c3 12. Nxe4 dxe4 13. Nd2 cxd2+ 14. Qxd2 e6 15. a3 Qxd2+ 16. Kxd2 Bd7 17. Rb1 Bc6 18. Bb5 Bxb5 19. Rxb5 b6 20. a4 Be7 21. Rc1 Bd8 22. Rb2 h5 23. a5 g5 24. axb6 gxf4 25. b7 Rb8 26. Rc8 Kd7 27. Rxb8 Ba5+ 28. Ke2 Rxb8 29. exf4 Bb6 30. Ke3 f5 0-1

[Event "Wch U18"]
[Site "Montevideo"]
[Date "2017.09.17"]
[Round "1"]
[White "Slater Jones, Tom"]
[Black "Karthik, Venkataraman"]
[Result "0-1"]
[WhiteElo "1982"]
[BlackElo "2347"]
[PlyCount "62"]
[EventDate "2017.09.17"]
[EventType "swiss"]
[EventRounds "11"]
[EventCountry "URU"]
[SourceTitle "CBM 180 Extra"]
[Source "ChessBase"]
[SourceDate "2017.10.06"]
[SourceVersion "1"]
[SourceVersionDate "2017.10.06"]
[SourceQuality "1"]

1. d4 Nf6 2. c4 e6 3. Nc3 c5 4. d5 exd5 5. cxd5 Bd6 6. e4 0-0 7. Bd3 Bc7 8. Nge2 d6 9. 0-0 a6 10. a4 Re8 11. Ng3 Nbd7 12. f4 Rb8 13. Qf3 Nf8 14. Nf5 Bxf5 15. exf5 Ba5 16. g4 c4 17. Bxc4 Bxc3 18. bxc3 Qa5 19. Rd1 Rbc8 20. Bd3 Qxc3 21. Ra3 Qc5+ 22. Kh1 Nxd5 23. Bf1 Nc3 24. Rd3 Ne4 25. Be3 Qc2 26. Rd4 Qb2 27. Rxe4 Qxa3 28. f6 d5 29. Rxe8 Rxe8 30. fxg7 Ng6 31. f5 Qxe3 0-1

[Event "Oceania zt"]
[Site "Cammeray"]
[Date "2015.07.07"]
[Round "6"]
[White "Slater Jones, Tom"]
[Black "Milligan, Helen"]
[Result "1-0"]
[WhiteElo "1764"]
[BlackElo "1978"]
[PlyCount "77"]
[EventDate "2015.07.04"]
[EventType "swiss"]
[EventRounds "9"]
[EventCountry "AUS"]
[SourceTitle "CBM 167 Extra"]
[Source "ChessBase"]
[SourceDate "2015.09.14"]
[SourceVersion "1"]
[SourceVersionDate "2015.09.14"]
[SourceQuality "1"]

1. d4 Nf6 2. c4 g6 3. Nc3 Bg7 4. e4 d6 5. Be2 0-0 6. Bg5 Na6 7. Nf3 c5 8. d5 Nc7 9. 0-0 a6 10. a4 b6 11. Qd2 Ng4 12. h3 Ne5 13. Nxe5 Bxe5 14. Bg4 Bxg4 15. hxg4 Qd7 16. f3 e6 17. Ne2 exd5 18. cxd5 b5 19. f4 Bg7 20. f5 f6 21. Be3 g5 22. b4 c4 23. Nd4 Rfc8 24. Rfc1 Qe8 25. Ne6 Nxe6 26. dxe6 Qc6 27. Qd5 Qxd5 28. exd5 Kf8 29. Bd4 Ke7 30. Kf2 h6 31. Ke3 Rh8 32. Rh1 Rhc8 33. axb5 axb5 34. Kd2 Rcb8 35. Kc3 Rc8 36. Ra5 Rcb8 37. Rha1 Rxa5 38. bxa5 h5 39. a6 1-0

[Event "Doeberl Cup 53rd"]
[Site "Canberra"]
[Date "2015.04.02"]
[Round "2"]
[White "Slater Jones, Tom"]
[Black "Wallis, Christopher"]
[Result "0-1"]
[WhiteElo "1718"]
[BlackElo "2359"]
[PlyCount "62"]
[EventDate "2015.04.02"]
[EventType "swiss"]
[EventRounds "9"]
[EventCountry "AUS"]
[SourceTitle "EXT 2018"]
[Source "ChessBase"]
[SourceDate "2017.10.13"]
[SourceVersion "1"]
[SourceVersionDate "2017.10.13"]
[SourceQuality "1"]

1. d4 Nf6 2. c4 e6 3. Nf3 d5 4. Nc3 Be7 5. Bg5 h6 6. Bh4 0-0 7. e3 b6 8. cxd5 Nxd5 9. Bxe7 Qxe7 10. Nxd5 exd5 11. Rc1 Be6 12. Be2 c5 13. Ne5 Rc8 14. Bf3 Nd7 15. Nxd7 Qxd7 16. 0-0 c4 17. b3 b5 18. bxc4 bxc4 19. e4 Rab8 20. Qd2 Rb6 21. Rfd1 Rcb8 22. Qc3 Rb2 23. exd5 Bxd5 24. Bxd5 Qxd5 25. Rc2 Rxc2 26. Qxc2 Rb6 27. f3 Re6 28. Kf2 g5 29. Qc3 Rd6 30. Qe3 Qa5 31. Rd2 Re6 0-1

[Event "AUS-ch U16"]
[Site "Wahroonga"]
[Date "2014.01.13"]
[Round "2"]
[White "Singh, Prajin"]
[Black "Slater Jones, Tom"]
[Result "0-1"]
[WhiteElo "756"]
[BlackElo "1643"]
[PlyCount "48"]
[EventDate "2014.01.11"]
[EventType "swiss"]
[EventRounds "9"]
[EventCountry "AUS"]
[SourceTitle "EXT 2020"]
[Source "ChessBase"]
[SourceDate "2019.10.17"]
[SourceVersion "1"]
[SourceVersionDate "2019.10.17"]
[SourceQuality "1"]

1. d4 d5 2. Nf3 Nf6 3. Nc3 e6 4. Bf4 c5 5. e3 a6 6. Bd3 Be7 7. Qe2 c4 8. Ne5 cxd3 9. Nxd3 Nc6 10. 0-0 0-0 11. a3 Ne4 12. f3 Nxc3 13. bxc3 Bd6 14. Ne5 Nxe5 15. dxe5 Bc5 16. Qf2 f6 17. Rad1 Qe7 18. Qh4 fxe5 19. Bg5 Bxe3+ 20. Rf2 Qxg5 21. Qb4 Qf4 22. Rd4 exd4 23. cxd4 Qxd4 24. Qb3 Qd1# 0-1